Épisodes de "Bref" - Statistiques

Statistiques générales
  • Ce quiz a été pris 236 fois
  • Le résultat moyen est 28 sur 82
Statistiques - réponses
Numéro16 Nom de l'épisode % Correct
36 Bref. J’ai dîné avec cette fille
84%
1 Bref. J'ai dragué cette fille
84%
9 Bref. J'ai recroisé cette fille
84%
31 Bref. Je suis allé au cinéma avec cette fille
84%
40 Bref. J’étais à côté de cette fille
84%
10 Bref. J'ai un plan cul régulier
68%
60 Bref. Je suis un plan cul régulier
68%
80 Bref. J'ai fait une dépression
63%
82 Bref.
55%
47 Bref. Je suis vieille
53%
14 Bref. Mes parents divorcent
53%
69 Bref. C'est la merde
50%
61 Bref. J'étais dans la merde
50%
62 Bref. J'étais toujours dans la merde
50%
39 Bref. J’ai déménagé
48%
2 Bref. Je remets tout à demain
48%
81 Bref. Lui c'est Kheiron
48%
4 Bref. J'ai passé un entretien d'embauche
44%
17 Bref. Je suis allé à ce mariage
43%
27 Bref. J'ai recouché avec mon ex
42%
66 Bref. Mon frère est comme tout le monde
42%
71 Bref. J'ai fait une soirée déguisée
41%
72 Bref. J'ai fait une soirée déguisée (partie 2)
41%
73 Bref. J'ai fait une soirée déguisée (partie 3)
41%
22 Bref. On a enterré Croquette
41%
11 Bref. Je suis comme tout le monde
40%
76 Bref. Je suis en mode survie
40%
23 Bref. Mon coloc a fait l'amour
40%
26 Bref. J'ai un pote à conditions générales
38%
3 Bref. Je me suis préparé pour un rendez-vous
38%
34 Bref. J'ai fait un concert
36%
38 Bref. J'ai voulu partir en vacances
36%
21 Bref. Je suis allé au supermarché
36%
33 Bref. J'ai couché avec Émilie
35%
7 Bref. Je joue de la guitare
35%
55 Bref. Je m'appelle Eric Dampierre
35%
24 Bref. J'ai fait un rêve
34%
41 Bref. J'ai pris le métro
34%
63 Bref. J'ai fait un choix
33%
49 Bref. Baptiste est super flippant
32%
18 Bref. J'ai couché avec une flic
31%
53 Bref. Y a des gens qui m'énervent
31%
20 Bref. J'ai eu 47 minutes de retard
30%
75 Bref. J'ai tout cassé
30%
65 Bref. J'ai un nouveau pote
30%
37 Bref. J’y pense et je souris
30%
56 Bref. J'ai grandi dans les années 90
29%
74 Bref. J'me casse
29%
5 Bref. J'ai fait un repas de famille
28%
57 Bref. On était des gamins
28%
46 Bref. J'ai eu 30 ans
27%
28 Bref. J'aime bien cette photo
27%
51 Bref. Mon frère a quelqu'un
27%
50 Bref. J'ai fêté le nouvel an
26%
79 Bref. Je suis né
26%
35 Bref. J'ai monté un meuble
24%
6 Bref. J'ai traîné sur internet
24%
43 Bref. Je suis allé aux urgences
23%
29 Bref. Je suis hypocondriaque
22%
12 Bref. J'ai eu un job
20%
70 Bref. J'ai fait une connerie
20%
44 Bref. Je me suis fait agresser
20%
52 Bref. Je suis en couple
20%
67 Bref. J'ai perdu mes cheveux
19%
8 Bref. J'ai vu un psy
19%
32 Bref. Je sais pas dire non
19%
13 Bref. J'étais coincé dans l'ascenseur
19%
58 Bref. C'était sa chanson préférée
18%
77 Bref. J'ai envoyé un texto
18%
48 Bref. Ma copine travaille dans un sex-shop
16%
59 Bref. Mon père veut être jeune
16%
45 Bref. J'ai eu une panne
14%
30 Bref. J'ai pas réussi à dormir
14%
42 Bref. J'ai un nouvel appart
14%
54 Bref. J'ai aucune mémoire
13%
19 Bref. Mon pote s'est fait larguer
13%
15 Bref. J'ai fait les courses avec mon frère
12%
68 Bref. J'ai passé un coup de fil
12%
25 Bref. J'ai fait un dépistage
11%
16 Bref. Je me suis bourré la gueule
11%
78 Bref. Je me suis réveillé à côté d'une fille
10%
64 Bref. Je crois que j'ai un secret
7%
Aucun quiz correspondant
Distribution des résultats
% des personnes avec chaque résultat
Percentile par nombre de réponses
Votre historique - résultats
Vous n’avez pas pris ce quiz